| 000 | 00000nam##2200000za#4500 |
| 001 | 9.639635 |
| 003 | CaOODSP |
| 005 | 20210624222252 |
| 007 | cr ||||||||||| |
| 008 | 150407|2000||||xxc|||||o f|0| 0 fre|d |
| 040 | |aCaOODSP|bfre |
| 043 | |an-cn--- |
| 086 | 1 |aF1-23/2000-9F-PDF |
| 110 | 1 |aCanada. |bMinistère des finances. |
| 245 | 10|aNos enfants, notre avenir |h[ressource électronique] |
| 246 | 1 |aDe meilleures finances, une vie meilleure - Le budget de 2000 |
| 260 | |aOttawa - Ontario : |bFinances Canada |cLe 28 février 2000. |
| 300 | |a10p.|bgraphique |
| 590 | |a12-11-Supp|b2012-03-27 |
| 691 | 07|aBudget|2gcpds |
| 691 | 07|aEnfant|2gcpds |
| 691 | 07|aPolitique sociale|2gcpds |
| 775 | 08|tOur children, our future |w(CaOODSP)9.695498 |
| 856 | 40|ahttp://publications.gc.ca|qPDF|s127 Ko|uhttps://publications.gc.ca/collections/Collection/F1-23-2000-9F.pdf |